000 00328nam a2200157Ia 4500
003 0STCL
008 150530s9999 xx 000 0 und d
040 _aSTCL
_cSTCL
100 _aMelhuish, J.E; Ed
245 _aLivy
260 _c1920
546 _aEnglish
942 _2ddc
_cBK
999 _c61984
_d61984
005 20220125171201.0